Frankfurt RE2 nach Koblenz Hbf - Statistiken

Allgemein
  • Dieses Quiz wurde 79 mal gespielt
  • Das Durchschnittsergebnis liegt bei 8 aus 13
Antwortstatistiken
RE2 % Korrekt
Koblenz Hbf
95%
Frankfurt Hbf
87%
Mainz Hbf
86%
Bingen Hbf
78%
Frankfurt Flughafen
78%
Ingelheim
71%
Rüsselsheim
70%
Boppard
63%
Frankfurt Niederrad
63%
Mainz Römisches Theater
57%
Mainz Bischofsheim
44%
Oberwesel
41%
Bacherach
11%
Keine übereinstimmenden Quizze gefunden
Verteilung der Resultate
Anzahl Personen mit jedem Resultat
Perzentil nach korrekt beantworteten Fragen
Ihre Resultats-Entwicklung
Sie haben dieses Quiz noch nicht gespielt